| 000 | 00812nam a2200205Ia 4500 | ||
|---|---|---|---|
| 003 | GCL | ||
| 008 | 140319s9999 xx 000 0 ara d | ||
| 040 |
_aGCL / _cGCL |
||
| 082 | 0 | 4 |
_a327.5610561 _bك ع |
| 100 | 1 | _aكولوغلو، اورهان | |
| 245 | 1 | 0 |
_aالعلاقات العربية - التركية : حوار مستقبلى : بحوث ومناقشات الندوة الفكرية التى نظمها مركز دراسات الوحدة العربية / _cكولوغلو، اورهان |
| 300 | _a673 ص | ||
| 490 |
_aالهيئة العامة للاستعلامات _v0 |
||
| 650 | 0 | 4 | _aالعلاقات الدولية |
| 650 | 0 | 4 | _aالعرب |
| 650 | 0 | 4 | _aالبلدان العربية |
| 650 | 0 | 4 | _aالعلاقات الدولية - تركيا |
| 650 | 0 | 4 | _aالاتراك |
| 942 |
_2ddc _cBK |
||
| 999 |
_c49023 _d49023 |
||